Cranes today

Bibliographic Details
Format: Electronic Journal
Language:English
Published: Wilmington, Dartford, Kent : MBC Industrial and Electronics Publications
Subjects:
Online Access:Full text available from Research Library: 01/01/2010 to present

MARC

LEADER 00000nas a22000001a 4500
001 ssj0011351
003 WaSeSS
005 20200512172242.0
006 m d
007 cr n
008 050614c19729999enkmr pss 0 0eng d
010 |a sn2006001094 
022 |y 0307-0018 
035 |a (WaSeSS)ssj0011351 
040 |a OCLCS  |b eng  |c OCLCS  |d OCLCQ  |d LGG  |d OCLCQ  |d OCLCO  |d OCLCF  |d OCLCQ  |d WT2  |d OCLCO  |d OCLCQ  |d OCLCO  |d AU@  |d VT2  |d OCLCQ  |d OCLCO  |d WaSeSS 
041 0 |a eng  |f fre  |f ger  |f ita 
042 |a msc 
050 1 4 |a TJ1363 
082 1 4 |a 338  |2 12 
130 0 |a Cranes today (Online) 
245 1 0 |a Cranes today  |h [electronic resource]. 
260 |a Wilmington, Dartford, Kent :  |b MBC Industrial and Electronics Publications 
310 |a Monthly 
362 1 |a Print began in 1972. 
506 |a License restrictions may limit access. 
538 |a Mode of access: World Wide Web. 
546 |a Text in English and has table of contents pages in English, French, German, and Italian. 
588 0 |a Print version record. 
650 0 |a Cranes, derricks, etc  |v Periodicals. 
650 7 |a Cranes, derricks, etc.  |2 fast  |0 (OCoLC)fst00882184 
655 0 |a Electronic journals. 
776 1 |t Cranes today  |x 0307-0018  |w (DLC)sn 84007632  |w (OCoLC)5248028 
856 4 0 |z Full text available from Research Library: 01/01/2010 to present  |u https://search.proquest.com/publication/32626